<?xml version="1.0" encoding="UTF-8"?><?xml-stylesheet type="text/xsl" href="static/style.xsl"?><OAI-PMH xmlns="http://www.openarchives.org/OAI/2.0/" xmlns:xsi="http://www.w3.org/2001/XMLSchema-instance" xsi:schemaLocation="http://www.openarchives.org/OAI/2.0/ http://www.openarchives.org/OAI/2.0/OAI-PMH.xsd"><responseDate>2026-06-01T08:29:53Z</responseDate><request verb="GetRecord" identifier="oai:riuma.uma.es:10630/44813" metadataPrefix="marc">https://riuma.uma.es/rest/oai/request</request><GetRecord><record><header><identifier>oai:riuma.uma.es:10630/44813</identifier><datestamp>2026-01-24T00:47:17Z</datestamp><setSpec>com_10630_2254</setSpec><setSpec>col_10630_37953</setSpec></header><metadata><record xmlns="http://www.loc.gov/MARC21/slim" xmlns:dcterms="http://purl.org/dc/terms/" xmlns:doc="http://www.lyncode.com/xoai" xmlns:xsi="http://www.w3.org/2001/XMLSchema-instance" xsi:schemaLocation="http://www.loc.gov/MARC21/slim http://www.loc.gov/standards/marcxml/schema/MARC21slim.xsd">
   <leader>00925njm 22002777a 4500</leader>
   <datafield ind2=" " ind1=" " tag="042">
      <subfield code="a">dc</subfield>
   </datafield>
   <datafield ind2=" " ind1=" " tag="720">
      <subfield code="a">Cortés-González, Pablo</subfield>
      <subfield code="e">author</subfield>
   </datafield>
   <datafield ind2=" " ind1=" " tag="720">
      <subfield code="a">Ruiz Ariza, Deseada</subfield>
      <subfield code="e">author</subfield>
   </datafield>
   <datafield ind2=" " ind1=" " tag="720">
      <subfield code="a">Mañas-Olmo, Moisés Antonio</subfield>
      <subfield code="e">author</subfield>
   </datafield>
   <datafield ind2=" " ind1=" " tag="720">
      <subfield code="a">Alix-González, Ana Carolina</subfield>
      <subfield code="e">author</subfield>
   </datafield>
   <datafield ind2=" " ind1=" " tag="260">
      <subfield code="c">2025-01-16</subfield>
   </datafield>
   <datafield ind2=" " ind1=" " tag="520">
      <subfield code="a">The article examines the socio-educational barriers and facilitators faced by
families of children with cochlear implants (CI) in Andalucía (a region in southern Spain).
Through a qualitative approach based on surveys and interviews, three main categories
of limitations are identified: access to and quality of services, parental stress related to
caregiving and communication, and socioeconomic and individual factors. Among the
facilitators, financial support, family-professional collaboration, and inclusive practices in
educational settings are highlighted. The findings underscore challenges such as the lack
of coordination between medical and educational services, the need for teacher training,
and the emotional and financial impact on families. Conversely, effective strategies such
as family support networks, specialized hospital coordinators, and inclusive educational
practices are emphasized. The study concludes that improving access to comprehensive
services and fostering collaboration between educational and healthcare agents is essen-
tial to promote inclusive education and the well-being of families and children with CI.
This work advocates for a critical and participatory perspective in the development of
inclusive policies.</subfield>
   </datafield>
   <datafield ind1="8" ind2=" " tag="024">
      <subfield code="a">Cortés-González, P., Ruiz-Ariza, D., Mañas-Olmo, M., &amp; Alix-González, C. (2025). Socio-Educational Challenges for the Inclusion of Children with Cochlear Implants: The Role of Families. Education Sciences, 15(1), 94. https:// doi.org/10.3390/educsci15010094</subfield>
   </datafield>
   <datafield ind1="8" ind2=" " tag="024">
      <subfield code="a">https://hdl.handle.net/10630/44813</subfield>
   </datafield>
   <datafield ind1="8" ind2=" " tag="024">
      <subfield code="a">10.3390/educsci15010094</subfield>
   </datafield>
   <datafield tag="653" ind2=" " ind1=" ">
      <subfield code="a">Niños con trastornos de audición</subfield>
   </datafield>
   <datafield tag="653" ind2=" " ind1=" ">
      <subfield code="a">Educación inclusiva</subfield>
   </datafield>
   <datafield ind2="0" ind1="0" tag="245">
      <subfield code="a">Socio-Educational Challenges for the Inclusion of Children with Cochlear Implants: The Role of Families</subfield>
   </datafield>
</record>
</metadata></record></GetRecord></OAI-PMH>